01413nam a22002657i 4500999001700000003000900017008004100026020002200067040007100089082002200160100004500182245007600227260004500303300003000348500004000378505040300418650003100821650003500852650003000887650004400917650004000961942001601001945002001017952011001037 c23065d23065AR-CdUCM240918b20172017 pe||||| |||| 00| 0 spa d a978-956-307-080-4 aMUNICIPALIDAD PROVINCIAL DEL CUSCOcBIBLIOTECA MUNICIPAL DEL CUSCO a508.63 / S18bS18 aSaldivia Maldonado, Zenobio (Compilador) aUna Aproximación al Desarrollo de la Ciencia en Colombia. Siglo XIX / aChile :bBravo y Allende Editores.c2017 a2449 páginas. :c21 cm. zBibliografía : 227-245 páginas. aJosé Celestino Mutis y los Albores de la ciencia en Colombia -- Francisco José de Caldas: Entre la Astronomía y la Botánica en los Inicios de la Republica de Colombia -- Alexander Von Humboldt, su derrotero por Colombia y su mirada científica -- Agustín Codazzi y su aportes cognitivos en la republica de Colombia -- Antonio María Vargas Reyes: El precursor de la Medicina Colombiana. aCiencia en Colombia950536 aAstronomía y botanica950537 aAportes cognitivos950538 aAportes de la ciencia colombiana950539 aAnálisis epistemológicos950540 2ddccLIBROS apbjd2024/09/18 002ddc4070aSCbSCcCARTd2024-09-18eDonacióng20.00o508.63 / S18pSC0000002419r2024-09-18yLIBROS